00409nam a2200169Ia 4500003000400000005001700004008004100021020001500062040000700077041000800084082001700092100002300109245003900132260004000171300001600211365001200227OSt20230417104418.0210423s2010 xx 000 0 und d a8130906708 cAL aeng a809.935 BLOH aBLOOM (Harold),Ed. aSamuel Becketts waiting for Godot. aNew DelhibViva Books Pvt Ltdc2010 avii,131bPB b99cINR